000 00821nam a2200265Ia 4500
001 Z_498
003 CHAP
008 220113s1975 xx 000 0 und d
010 _a163475
040 _cCHAP
090 _aTesis L 74
100 _aLópez Serdán Ripoll, Agustín Enrique
_968336
245 _aCapacitación de trabajadores en las empresas lecheras ejidales /
_cPor Agustín Enrique López Serdán Ripoll
260 _aChapingo, Méx. :
_bEl autor,
_c1975
300 _a99 h. ilus. mapas
502 _aTesis (Ing. Agrónomo Esp. en Zootecnia) -- ENA. Departamento de Zootecnia
650 _aAgricultura
_xTrabajadores
_xEducación
_91856
650 _aGanadería cooperativa
_xGuanajuato
_944875
901 _aTESIS L 74
902 _aM
910 _a1975
942 _c2
942 _c2
999 _c163475
_d163475